Renormalization and effective field theory (Record no. 32602)
[ view plain ]
| 000 -LEADER | |
|---|---|
| fixed length control field | 00610nam a2200157 a 4500 |
| 008 - FIXED-LENGTH DATA ELEMENTS--GENERAL INFORMATION | |
| fixed length control field | 201117s2011 xx |||||||||||||| || u |
| 020 ## - INTERNATIONAL STANDARD BOOK NUMBER | |
| International Standard Book Number | 9780821852880 |
| 050 ## - LIBRARY OF CONGRESS CALL NUMBER | |
| Classification number | QC 174.17 .R46 Cos |
| 100 ## - MAIN ENTRY--PERSONAL NAME | |
| Personal name | Costello Kevin |
| 245 10 - TITLE STATEMENT | |
| Title | Renormalization and effective field theory |
| 260 ## - PUBLICATION, DISTRIBUTION, ETC. | |
| Place of publication, distribution, etc. | |
| Name of publisher, distributor, etc. | American Mathematical Society |
| Date of publication, distribution, etc. | 2011 |
| 300 ## - PHYSICAL DESCRIPTION | |
| Extent | vii, 251 pages : illustrations |
| 650 #0 - SUBJECT ADDED ENTRY--TOPICAL TERM | |
| Topical term or geographic name entry element | QUANTUM FIELD THEORY |
| 650 #0 - SUBJECT ADDED ENTRY--TOPICAL TERM | |
| Topical term or geographic name entry element | RENORMALIZATION (PHYSICS) |
| 995 ## - | |
| -- | FICTION Collection |
| -- | 114.45 |
| -- | 905212 |
| -- | CBU-SCHOOL OF MEDICINE LIBRARY (Ndola) |
| -- | QC 174.17 .R46 Cos |
| -- | 1 |
| -- | AVAILABLE |
| -- | Nov 19, 2020 |
| -- | 905212 |
| -- | Fiction Collection |
| 999 ## - | |
| -- | 32602 |
| -- | 32602 |
| Withdrawn status | Lost status | Source of classification or shelving scheme | Damaged status | Not for loan | Permanent Location | Current Location | Shelving location | Date acquired | Total Checkouts | Full call number | Barcode | Date last seen | Price effective from | Koha item type |
|---|---|---|---|---|---|---|---|---|---|---|---|---|---|---|
| CBU-SCHOOL OF MEDICINE LIBRARY, NDOLA. | CBU-SCHOOL OF MEDICINE LIBRARY, NDOLA. | 11/30/2022 | QC 174.17 .R46 Cos | 905212 | 11/30/2022 | 11/30/2022 | MONOGRAPH |